00902nam a2200229 a 450000100100000000500170001000800410002704000250006808200200009324500370011326000830015030000300023365000310026365000280029465000270032271000590034971000590040871000600046704900090052795201190053699900170065500001724720240412074246.0100322s1926 dr 000 0 spa d aDO-SdBNPbspacBNPHU aRD861.44bJ933f00aJuegos florales de La Vega Real. aSantiago de los Caballeros, República Dominicana :bLa información,c1926. a301, CXXVIII p. ;c24 cm. 0aLiteratura dominicana.967 0aPoesía dominicana966 4aJuegos florales9379082 aCasino central, La Vega, REPÚBLICA DOMINICANA9379092 aLa Progresista, La Vega, REPÚBLICA DOMINICANA9379102 aAmor al estudio, La Vega, REPÚBLICA DOMINICANA937911 aBNPD 00107-18PDaPDbPDcOId2010-03-22iLF1l0oRD861.44 J933fp17247-10r2020-06-25w2020-06-25yLFPDZNo se presta c16772d16772